| 000 | 00591nam a2200169 i 4500 | ||
|---|---|---|---|
| 001 | 36269 | ||
| 003 | ES-MaACL | ||
| 005 | 20230906155333.0 | ||
| 007 | t| | ||
| 008 | 030217s1960 sp ||||1| spa d | ||
| 100 | 1 |
_aBrindze, Ruth. _931750 |
|
| 245 | 1 | 3 |
_aEl libro de los expertos en yates / _cRuth Brindze ; traducción revisada por José Mª Martínez-Hidalgo y Terán. |
| 260 |
_aBarcelona : _bGarriga, _c[1960] ( _fSociedad Alianza de Artes Gráficas) |
||
| 300 |
_a308 p. : _bil. ; _c26 cm. |
||
| 700 | 1 |
_aMartínez-Hidalgo, José María. _978154 |
|
| 852 |
_aES-MaACL _jC-18363 _bR.46779 |
||
| 999 |
_c36269 _d36269 |
||